[Event "16th Sants Open 2014"]
[Site "Barcelona ESP"]
[Date "2014.08.25"]
[Round "4.18"]
[White "Sorm, Daniel"]
[Black "Bromberger, Stefan"]
[Result "0-1"]
[WhiteTitle "FM"]
[BlackTitle "IM"]
[WhiteElo "2312"]
[BlackElo "2510"]
[WhiteFideId "5400139"]
[BlackFideId "4635248"]
[EventDate "2014.08.22"]

1. d4 Nf6 2. c4 e6 3. Nc3 Bb4 4. e3 O-O 5. Bd3 d5 6. cxd5 exd5 7. Ne2 Re8 8. O-O
Bf8 9. Bd2 b6 10. f3 c5 11. Qe1 Ba6 12. Bxa6 Nxa6 13. g4 Nb4 14. Rb1 h6 15. a3
Nd3 16. Qg3 b5 17. dxc5 Bxc5 18. Nd4 Bxd4 19. exd4 Qb6 20. Kh1 Qxd4 21. Nxb5 Qa4
22. Nc7 Re2 23. Nxa8 Rxd2 24. Qc7 Qe8 25. Qxa7 Nxg4 26. Qc7 Rxh2+ 27. Qxh2 Nxh2
28. Kxh2 Qxa8 29. b4 Qd8 30. b5 Qh4+ 31. Kg1 Qg3+ 32. Kh1 Nf2+ 33. Rxf2 Qxf2 34.
b6 Qxf3+ 35. Kg1 Qg4+ 36. Kh2 Qh5+ 0-1

[Event "16th Sants Open 2014"]
[Site "Barcelona ESP"]
[Date "2014.08.25"]
[Round "4.19"]
[White "Delorme, Axel"]
[Black "Chalmeta Ugas, Ramon"]
[Result "1-0"]
[WhiteTitle "IM"]
[BlackTitle "FM"]
[WhiteElo "2501"]
[BlackElo "2292"]
[WhiteFideId "632023"]
[BlackFideId "2256339"]
[EventDate "2014.08.22"]

1. d4 Nf6 2. c4 g6 3. g3 c6 4. Bg2 d5 5. Nf3 Bg7 6. O-O O-O 7. Qa4 Nbd7 8. cxd5
Nb6 9. Qa3 Nc4 10. Qb3 cxd5 11. Ne5 Na5 12. Qa4 Qb6 13. Nc3 Be6 14. b3 Rac8 15.
Bb2 Nc6 16. e3 Rfd8 17. Rac1 Bf5 18. Ba3 Nxe5 19. dxe5 Ne4 20. Nxd5 Rxc1 21.
Rxc1 1-0

[Event "16th Sants Open 2014"]
[Site "Barcelona ESP"]
[Date "2014.08.25"]
[Round "4.20"]
[White "Lillo Castany, Victor"]
[Black "Collins, Sam E."]
[Result "1/2-1/2"]
[WhiteTitle "FM"]
[BlackTitle "IM"]
[WhiteElo "2319"]
[BlackElo "2495"]
[WhiteFideId "2278995"]
[BlackFideId "2501198"]
[EventDate "2014.08.22"]

1. e4 e5 2. Nf3 Nc6 3. Bc4 Bc5 4. c3 Nf6 5. d3 O-O 6. O-O d5 7. exd5 Nxd5 8. Re1
Bg4 9. h3 Bh5 10. Nbd2 Nb6 11. Bb5 Bd6 12. Ne4 a6 13. Bxc6 bxc6 14. Ng3 Bg6 15.
Nxe5 Bxe5 16. Rxe5 Qxd3 17. Qxd3 Bxd3 18. b3 Rae8 19. Rxe8 Rxe8 20. Bf4 Nd5 21.
Bd2 c5 22. c4 Nb4 23. Be3 Bg6 1/2-1/2

[Event "16th Sants Open 2014"]
[Site "Barcelona ESP"]
[Date "2014.08.25"]
[Round "4.21"]
[White "Graf, Felix"]
[Black "Diaz Camallonga, Carles"]
[Result "1-0"]
[WhiteElo "2479"]
[BlackElo "2261"]
[WhiteFideId "24608904"]
[BlackFideId "22235256"]
[EventDate "2014.08.22"]

1. Nf3 Nf6 2. c4 g6 3. Nc3 d5 4. cxd5 Nxd5 5. Qa4+ Bd7 6. Qb3 Nb6 7. d4 Bg7 8.
Bf4 O-O 9. e3 Be6 10. Qa3 Nc6 11. Be2 a5 12. O-O Nb4 13. Rfc1 c6 14. b3 N6d5 15.
Be5 f6 16. Bg3 Nxc3 17. Rxc3 Qd7 18. Rd1 Rfd8 19. Rcc1 Bd5 20. Qb2 Na6 21. h4
Nc7 22. Nd2 f5 23. Nc4 Bxc4 24. Bxc4+ Kh8 25. Qe2 Nd5 26. h5 Nf6 27. hxg6 hxg6
28. f3 e6 29. a4 Nd5 30. e4 Nb6 31. Be5 Nxc4 32. Bxg7+ Kxg7 33. Qxc4 Qd6 34. e5
Qd5 35. Qc3 Rac8 36. Kf2 b6 37. Qe3 Rh8 38. Qg5 Rcf8 39. Rc4 Rf7 40. Qc1 Rc7 41.
b4 axb4 42. Rxb4 Qd8 43. Rxb6 Qh4+ 44. Ke2 Qg3 45. Rg1 Rh2 46. Kf1 Rd7 47. Rxc6
Rxd4 48. Rc7+ Kg8 49. Rd7 Rxd7 50. Qc8+ Kg7 51. Qxd7+ Kh6 52. Qd2+ Kh7 53. Qd7+
Kh6 54. Qxe6 Rxg2 55. Rh1+ Rh2 56. Rxh2+ Qxh2 57. Qd5 Qh1+ 58. Kf2 f4 59. e6
Qh2+ 60. Kf1 Qh1+ 61. Ke2 Qg2+ 62. Kd3 Qf1+ 63. Ke4 Qc1 64. Ke5 Qc7+ 65. Qd6
Qa5+ 66. Kf6 Qc3+ 67. Qe5 1-0

[Event "16th Sants Open 2014"]
[Site "Barcelona ESP"]
[Date "2014.08.25"]
[Round "4.22"]
[White "Gurevich, Daniel"]
[Black "Escobar Forero, Alder"]
[Result "0-1"]
[WhiteTitle "FM"]
[BlackTitle "IM"]
[WhiteElo "2298"]
[BlackElo "2464"]
[WhiteFideId "2044676"]
[BlackFideId "4400801"]
[EventDate "2014.08.22"]

1. e4 d5 2. exd5 Qxd5 3. Nc3 Qa5 4. d4 Nf6 5. Nf3 c6 6. Ne5 Be6 7. Nc4 Qd8 8.
Bf4 g6 9. Qd2 Bg7 10. O-O-O b5 11. Ne5 Qa5 12. b3 O-O 13. Be2 Rc8 14. Kb1 Na6
15. Bf3 Nb4 16. Kb2 Qb6 17. Bh6 Bh8 18. Rhe1 a5 19. Ne4 Nxe4 20. Bxe4 Rd8 21. f4
Bg4 22. c3 Bxd1 23. Qxd1 Rd6 24. cxb4 Rxd4 25. Qc2 Rd6 26. Qc5 Qd8 27. Rc1 axb4
28. Kb1 Rd2 29. Qxc6 Rdxa2 30. Bd5 Bxe5 31. fxe5 Ra1+ 32. Kc2 Rxc1+ 0-1

[Event "16th Sants Open 2014"]
[Site "Barcelona ESP"]
[Date "2014.08.25"]
[Round "4.23"]
[White "Kvisvik, Brede"]
[Black "Huerga Leache, Mikel"]
[Result "1/2-1/2"]
[WhiteTitle "FM"]
[BlackTitle "IM"]
[WhiteElo "2290"]
[BlackElo "2457"]
[WhiteFideId "1502999"]
[BlackFideId "2268795"]
[EventDate "2014.08.22"]

1. d4 Nf6 2. c4 c5 3. d5 b5 4. cxb5 a6 5. bxa6 g6 6. Nc3 Bxa6 7. e4 Bxf1 8. Kxf1
d6 9. g3 Bg7 10. Kg2 O-O 11. Nf3 Nbd7 12. Qe2 Qa5 13. Bd2 Rfb8 14. Rhb1 Ne8 15.
h4 Qa6 16. Qxa6 Rxa6 17. h5 c4 18. hxg6 hxg6 19. Be3 Bxc3 20. bxc3 Rxb1 21. Rxb1
Nef6 22. Rb7 Rxa2 23. Bd4 e5 24. dxe6 fxe6 25. e5 dxe5 26. Nxe5 Nxe5 27. Bxe5
Ng4 28. Rb8+ Kf7 29. Rb7+ Kg8 30. Bd4 e5 31. Bc5 Rc2 32. Kf3 Nf6 33. Bb4 Rb2 34.
Re7 e4+ 35. Kg2 Re2 36. Kf1 Rc2 37. Re6 Kg7 38. Bc5 Rxc3 39. Bd4 Rf3 40. Rxe4 c3
41. Re6 c2 42. Rc6 Kf7 43. Kg2 Rd3 44. Bxf6 Rd6 45. Rxc2 Kxf6 46. Kh3 Ra6 47.
Rc4 Rb6 48. Kh4 Rb1 49. Rc6+ Kg7 50. g4 Rb4 51. f4 Rxf4 52. Kg5 Ra4 53. Rxg6+
Kh7 54. Rb6 Kg7 55. Rb7+ Kg8 56. Kh5 Ra5+ 57. g5 Ra6 58. Rb8+ 1/2-1/2

[Event "16th Sants Open 2014"]
[Site "Barcelona ESP"]
[Date "2014.08.25"]
[Round "4.24"]
[White "Lyrberg, Patrik"]
[Black "Delorme, Alban"]
[Result "1/2-1/2"]
[WhiteTitle "IM"]
[BlackTitle "FM"]
[WhiteElo "2444"]
[BlackElo "2280"]
[WhiteFideId "1701975"]
[BlackFideId "623636"]
[EventDate "2014.08.22"]

1. c4 c5 2. g3 Nc6 3. Bg2 g6 4. e3 Bg7 5. Ne2 e6 6. d4 cxd4 7. exd4 d5 8. O-O
Nge7 9. Nbc3 O-O 10. cxd5 exd5 11. Bg5 h6 12. Bxe7 Qxe7 13. Nxd5 Qd6 14. Nec3
Nxd4 15. Ne4 Qd8 16. Nc5 b6 17. Nb3 Bb7 18. Nxd4 Bxd5 19. Nc6 Bxc6 20. Bxc6 Bxb2
21. Bxa8 Bxa1 22. Bd5 Be5 1/2-1/2

[Event "16th Sants Open 2014"]
[Site "Barcelona ESP"]
[Date "2014.08.25"]
[Round "4.25"]
[White "Van der Lende, Ilias"]
[Black "Cruz, Filemon"]
[Result "1-0"]
[BlackTitle "IM"]
[WhiteElo "2223"]
[BlackElo "2439"]
[WhiteFideId "1019260"]
[BlackFideId "3800296"]
[EventDate "2014.08.22"]

1. e4 e5 2. Nf3 Nc6 3. d4 exd4 4. Nxd4 Bc5 5. Nxc6 Qf6 6. Qf3 Qxf3 7. gxf3 dxc6
8. Rg1 g6 9. Be3 Bxe3 10. fxe3 Be6 11. Nd2 Rd8 12. b3 Ke7 13. Bc4 Nf6 14. Bxe6
Kxe6 15. Nc4 Nd7 16. Rd1 Ne5 17. Nxe5 Kxe5 18. Ke2 Rd6 19. Rg5+ Ke6 20. f4 Rxd1
21. Kxd1 f6 22. Rg1 c5 23. h4 Kf7 24. Ke2 Re8 25. Kf3 Rd8 26. Ke2 Rd6 27. Rd1
Rxd1 28. Kxd1 h5 29. f5 g5 30. hxg5 fxg5 31. e5 g4 32. Ke2 h4 33. Kf2 g3+ 34.
Kg2 b5 35. e4 c6 36. e6+ Ke7 37. e5 a5 38. Kh3 1-0

[Event "16th Sants Open 2014"]
[Site "Barcelona ESP"]
[Date "2014.08.25"]
[Round "4.26"]
[White "Cori T., Deysi"]
[Black "Aubry, Yannis"]
[Result "1-0"]
[WhiteTitle "WGM"]
[WhiteElo "2422"]
[BlackElo "2251"]
[WhiteFideId "3801934"]
[BlackFideId "20642407"]
[EventDate "2014.08.22"]

1. d4 e6 2. c4 Nf6 3. Nf3 c5 4. d5 exd5 5. cxd5 d6 6. Nc3 a6 7. a4 g6 8. Bf4 Bg7
9. e3 O-O 10. h3 Qe7 11. Be2 Nbd7 12. O-O Rb8 13. Qc2 Ne8 14. Rfe1 f5 15. Bc4
Ne5 16. Nxe5 Bxe5 17. Rab1 Bd7 18. Bxe5 Qxe5 19. f4 Qf6 20. b4 cxb4 21. Rxb4 b5
22. axb5 axb5 23. Bxb5 Nc7 24. Reb1 Bxb5 25. Nxb5 Nxd5 26. Qc4 Qe6 27. Rd1 1-0

[Event "16th Sants Open 2014"]
[Site "Barcelona ESP"]
[Date "2014.08.25"]
[Round "4.27"]
[White "Buchenau, Frank"]
[Black "Mascaro March, Pedro"]
[Result "0-1"]
[WhiteTitle "FM"]
[BlackTitle "IM"]
[WhiteElo "2250"]
[BlackElo "2417"]
[WhiteFideId "4604350"]
[BlackFideId "2217570"]
[EventDate "2014.08.22"]

1. e4 c5 2. d3 d5 3. exd5 Qxd5 4. Nc3 Qd8 5. g3 Bd7 6. Bg2 Bc6 7. Nf3 Nf6 8. O-O
e6 9. h3 Nbd7 10. Be3 Be7 11. d4 O-O 12. Qe2 Qb6 13. dxc5 Qxb2 14. Bd4 Qa3 15.
Nb5 Qa4 16. c4 Nxc5 17. Qe3 Qxc4 18. Nc7 Rac8 19. Ne5 Qa4 20. Bxc6 bxc6 21. Bxc5
Bxc5 22. Qxc5 Rxc7 23. Rac1 Rfc8 24. Rfd1 h6 25. Rd4 Qxa2 26. Kg2 Qb3 27. Nc4
Qb5 28. Qa3 c5 29. Nd6 Qc6+ 30. Kg1 Rd8 31. Nb5 Rxd4 32. Nxd4 Qb6 33. Nb3 Ne4 0-1

[Event "16th Sants Open 2014"]
[Site "Barcelona ESP"]
[Date "2014.08.25"]
[Round "4.28"]
[White "Dalo, Hermes"]
[Black "Gomez Ledo, Roberto Carlos"]
[Result "0-1"]
[WhiteTitle "CM"]
[BlackTitle "IM"]
[WhiteElo "2221"]
[BlackElo "2411"]
[WhiteFideId "3902544"]
[BlackFideId "3507076"]
[EventDate "2014.08.22"]

1. d4 d5 2. c4 c6 3. Nf3 Nf6 4. e3 Bg4 5. Qb3 Qc7 6. Ne5 e6 7. Nc3 Bf5 8. Bd2
Nbd7 9. Nxd7 Qxd7 10. f3 Bg6 11. g4 h6 12. h3 Be7 13. Ne2 Bd6 14. Bg2 O-O-O 15.
O-O-O Kb8 16. Ba5 Rde8 17. c5 Bc7 18. Bxc7+ Qxc7 19. Nf4 e5 20. Nxg6 fxg6 21.
Qc3 g5 22. Rhe1 Re7 23. dxe5 Rxe5 24. Qd4 Rhe8 25. Re2 Qa5 26. Kb1 Qb5 27. Bf1
Qc4 28. Rf2 Qxd4 29. exd4 Re3 30. Bd3 Rf8 31. Bf5 Ng8 32. Rdf1 Ne7 33. Kc2 Nxf5
34. gxf5 Rxf5 35. Kd2 Re6 36. Rg1 Re7 37. Kd3 Kc7 38. b4 Rf4 39. Rd1 Rf6 40. Rb1
Rfe6 41. Kd2 Re3 42. Rb3 Rxb3 43. axb3 Rf7 44. Ke3 Kd7 45. Rc2 a6 46. Rc1 Ke6
47. Re1 Kf6 48. Ra1 Kf5 49. Kf2 Re7 50. b5 cxb5 51. c6 bxc6 52. Rxa6 Kf4 53.
Rxc6 Re3 54. Rc5 Rxf3+ 55. Kg2 Rg3+ 56. Kh2 Rxb3 57. Rxd5 Rb2+ 58. Kg1 Kg3 0-1

[Event "16th Sants Open 2014"]
[Site "Barcelona ESP"]
[Date "2014.08.25"]
[Round "4.29"]
[White "Gonzalez Acosta, Bernal"]
[Black "Tallo Dominguez, Imar"]
[Result "1-0"]
[WhiteTitle "IM"]
[WhiteElo "2469"]
[BlackElo "2245"]
[WhiteFideId "6500170"]
[BlackFideId "2283743"]
[EventDate "2014.08.22"]

1. d4 d5 2. c4 c6 3. Nf3 Nf6 4. e3 Bf5 5. Nc3 a6 6. Qb3 Ra7 7. a4 h6 8. a5 e6 9.
Bd2 Nbd7 10. Na4 Ne4 11. Bb4 c5 12. dxc5 Ndxc5 13. Nxc5 Nxc5 14. Qa3 Qd6 15.
cxd5 Nd3+ 16. Bxd3 Qxb4+ 17. Qxb4 Bxb4+ 18. Ke2 Bxd3+ 19. Kxd3 exd5 20. Ra4 Be7
21. Rc1 Ra8 22. Rd4 Bf6 23. Rxd5 Bxb2 24. Rb1 Bf6 25. Rxb7 O-O 26. Nd4 Rab8 27.
Rdd7 Be5 28. f4 Rxb7 29. Rxb7 Rb8 30. Rb6 Bc7 31. Rxa6 Rb2 32. Ra7 Bd6 33. Rd7
Bc5 34. Kc4 Bxd4 35. Rxd4 g5 36. fxg5 hxg5 37. a6 Kg7 38. Kc5 Ra2 39. Kb5 Kf6
40. Ra4 Rb2+ 41. Ka5 1-0

[Event "16th Sants Open 2014"]
[Site "Barcelona ESP"]
[Date "2014.08.25"]
[Round "4.30"]
[White "Mende, Andreas"]
[Black "Novikov, Stanislav"]
[Result "0-1"]
[WhiteTitle "CM"]
[BlackTitle "GM"]
[WhiteElo "2148"]
[BlackElo "2562"]
[WhiteFideId "4631102"]
[BlackFideId "4125371"]
[EventDate "2014.08.22"]

1. d4 Nf6 2. c4 g6 3. f3 Bg7 4. e4 d6 5. Nc3 a6 6. Be3 c6 7. Bd3 b5 8. e5 Nfd7
9. f4 Nb6 10. b3 bxc4 11. bxc4 Be6 12. Qe2 N8d7 13. Nf3 c5 14. Ng5 cxd4 15. Nxe6
fxe6 16. Bxd4 dxe5 17. fxe5 O-O 18. Qg4 Nxe5 19. Qxe6+ Rf7 20. Bxe5 Bxe5 21.
O-O-O Qd4 22. Rhf1 Qxc3+ 23. Bc2 Qb2+ 24. Kd2 Rd8+ 25. Ke3 Bd4+ 0-1

[Event "16th Sants Open 2014"]
[Site "Barcelona ESP"]
[Date "2014.08.25"]
[Round "4.31"]
[White "Pardo Simon, David"]
[Black "Tuchenhagen, Axel"]
[Result "1-0"]
[WhiteTitle "IM"]
[WhiteElo "2457"]
[BlackElo "2145"]
[WhiteFideId "2296276"]
[BlackFideId "4617878"]
[EventDate "2014.08.22"]

1. d4 Nf6 2. Nf3 e6 3. e3 d5 4. Bd3 c5 5. b3 Nc6 6. a3 b6 7. Bb2 Bb7 8. Nbd2 Be7
9. O-O O-O 10. Ne5 Rc8 11. f4 Rc7 12. Qe2 Qa8 13. Rad1 Rd8 14. f5 Nb8 15. fxe6
fxe6 16. Ndf3 Ne4 17. dxc5 bxc5 18. Bxe4 dxe4 19. Rxd8+ Bxd8 20. Nd2 1-0

[Event "16th Sants Open 2014"]
[Site "Barcelona ESP"]
[Date "2014.08.25"]
[Round "4.32"]
[White "Munoz Pantoja, Miguel"]
[Black "Menac Comas, Joan Ramon"]
[Result "1-0"]
[WhiteTitle "GM"]
[WhiteElo "2451"]
[BlackElo "2147"]
[WhiteFideId "3800229"]
[BlackFideId "2255308"]
[EventDate "2014.08.22"]

1. e4 c5 2. Nf3 Nc6 3. d4 cxd4 4. Nxd4 e5 5. Nb5 a6 6. Nd6+ Bxd6 7. Qxd6 Qf6 8.
Qa3 Qg6 9. Be3 Qxe4 10. Nc3 Qb4 11. Qxb4 Nxb4 12. O-O-O d5 13. Bc5 d4 14. Bxb4
dxc3 15. Bxc3 f6 16. f4 Bd7 17. fxe5 O-O-O 18. Bc4 fxe5 19. Rhe1 Nf6 20. Rxe5
Bc6 21. Rxd8+ Rxd8 22. Rg5 Ne4 23. Rxg7 Nxc3 24. bxc3 Rf8 25. g4 Be4 26. h4 h5
27. gxh5 Rf4 28. Rg4 Rxg4 29. Be6+ Kd8 30. Bxg4 Ke7 31. Be2 Kf6 32. Bd3 Bf3 33.
h6 1-0

[Event "16th Sants Open 2014"]
[Site "Barcelona ESP"]
[Date "2014.08.25"]
[Round "4.33"]
[White "O'Donnell, Conor"]
[Black "Sanchez, Sebastian Felipe"]
[Result "1/2-1/2"]
[BlackTitle "IM"]
[WhiteElo "2142"]
[BlackElo "2391"]
[WhiteFideId "2504243"]
[BlackFideId "4403304"]
[EventDate "2014.08.22"]

1. e4 c5 2. Nf3 e6 3. d4 cxd4 4. Nxd4 Nc6 5. Nc3 Qc7 6. g3 a6 7. Bg2 Nge7 8. Nb3
Ng6 9. O-O Be7 10. f4 O-O 11. h4 Rd8 12. h5 Nf8 13. a4 b6 14. Be3 Rb8 15. Qe2
Na5 16. Nxa5 bxa5 17. Nd1 Bb7 18. Qf2 Rdc8 19. c3 Bc6 20. Bd4 f6 21. Qe2 Qb7 22.
Rf2 h6 23. g4 Nh7 24. Qd3 Qb3 25. Qxa6 Ra8 26. Qb6 Bxa4 27. Qxb3 Bxb3 28. Rd2 a4
29. Ne3 a3 30. bxa3 Rxa3 31. Rb1 Ba4 32. Nd1 d6 33. Rb7 Bf8 34. e5 fxe5 35. fxe5
d5 36. Kf2 Bc6 37. Ra7 Rxa7 38. Bxa7 Be7 39. Be3 Bh4+ 40. Kg1 Ba4 41. Nb2 Rxc3
42. Bxh6 Bb5 43. Bf4 Ng5 44. Kh1 Nf3 45. Nd1 Rb3 46. Rb2 Rxb2 47. Nxb2 Ne1 48.
Bh3 d4 49. g5 Bc6+ 50. Kg1 Bd5 51. Kf1 d3 52. Bg4 Bg2+ 53. Kg1 Bd5 54. Kf1 Nf3
55. Nxd3 Nxg5 56. Nc5 Kf7 57. Ke2 Ke7 58. Ke3 Nf7 59. Nd3 Nd8 60. Nc5 Kf7 61.
Nd3 Be7 62. Bf3 Nc6 63. Be4 Nb4 64. Nxb4 Bxb4 65. Bg6+ Ke7 66. h6 gxh6 67. Bxh6
Kd7 68. Bg7 Bc5+ 69. Kd3 Bf2 70. Be4 Kc6 71. Bf6 Bc5 72. Bg7 1/2-1/2

[Event "16th Sants Open 2014"]
[Site "Barcelona ESP"]
[Date "2014.08.25"]
[Round "4.34"]
[White "Rojano Cano, Francisco Jose"]
[Black "Martinez Romero, Martin"]
[Result "0-1"]
[BlackTitle "IM"]
[WhiteElo "2141"]
[BlackElo "2387"]
[WhiteFideId "2221268"]
[BlackFideId "4404025"]
[EventDate "2014.08.22"]

1. e4 c5 2. f4 Nc6 3. Nf3 g6 4. Bc4 Bg7 5. O-O d6 6. Nc3 e6 7. d3 Nge7 8. Bb3
O-O 9. Kh1 Na5 10. Ne2 b5 11. c3 Nxb3 12. axb3 Bb7 13. Ng3 Qd7 14. Be3 a6 15.
Qd2 f5 16. e5 Rac8 17. exd6 Qxd6 18. Rad1 Rfd8 19. Ne2 Bd5 20. d4 Bxb3 21. dxc5
Qc7 22. Qc1 Bxd1 23. Rxd1 Rxd1+ 24. Qxd1 Nd5 25. Bg1 Rd8 26. Qb3 Re8 27. g3 Bf8
28. c4 bxc4 29. Qxc4 Qb7 30. Ned4 Nc7 31. c6 Qxb2 32. Nb3 Qb1 0-1

[Event "16th Sants Open 2014"]
[Site "Barcelona ESP"]
[Date "2014.08.25"]
[Round "4.35"]
[White "Gonzalez Rodriguez, Jorge A."]
[Black "Urriza Iricibar, Pablo"]
[Result "0-1"]
[WhiteTitle "IM"]
[WhiteElo "2382"]
[BlackElo "2140"]
[WhiteFideId "4400240"]
[BlackFideId "22252908"]
[EventDate "2014.08.22"]

1. b3 e5 2. Bb2 Nc6 3. e3 Nf6 4. c4 d5 5. cxd5 Nxd5 6. a3 Bd6 7. Qc2 O-O 8. Nf3
Qe7 9. d3 f5 10. Nbd2 Bd7 11. g3 f4 12. gxf4 exf4 13. e4 Ne3 14. Qc3 Nd5 15. Qc4
Be6 16. Qc1 Ne3 17. Be2 Ng2+ 18. Kd1 Nh4 19. Rg1 Ng6 20. d4 Rfe8 21. Ng5 f3 22.
Ndxf3 Bxb3+ 23. Ke1 h6 24. Qc3 Bd5 25. Bc4 Bxc4 26. Qxc4+ Kh8 27. Nf7+ Kh7 28.
e5 Rf8 29. N7g5+ hxg5 30. Nxg5+ Kh8 31. Qd3 Rf6 32. Qh3+ Kg8 33. Qh7+ Kf8 34.
Kf1 Ncxe5 35. Re1 Rxf2+ 36. Kxf2 Nd3+ 0-1

[Event "16th Sants Open 2014"]
[Site "Barcelona ESP"]
[Date "2014.08.25"]
[Round "4.36"]
[White "Cervello Tost, Ferran"]
[Black "Zude, Erik"]
[Result "0-1"]
[BlackTitle "IM"]
[WhiteElo "2141"]
[BlackElo "2381"]
[WhiteFideId "32006985"]
[BlackFideId "4604644"]
[EventDate "2014.08.22"]

1. d4 d6 2. Nf3 Nf6 3. g3 g6 4. Bg2 Bg7 5. O-O O-O 6. c4 Nbd7 7. Nc3 e5 8. e3 c6
9. b3 Re8 10. Bb2 a6 11. Rc1 e4 12. Nd2 d5 13. f3 Bh6 14. fxe4 Bxe3+ 15. Kh1
Bxd4 16. cxd5 Ne5 17. Nc4 c5 18. Nxe5 Bxe5 19. Qc2 Bd7 20. Nd1 b6 21. Bxe5 Rxe5
22. Nf2 Bb5 23. Rfe1 a5 24. Rcd1 Qd6 25. Qd2 Rd8 26. Qf4 Qe7 27. a3 Rdxd5 28.
Rxd5 Nxd5 29. Qd2 Nf6 30. Rd1 Re6 31. Bh3 Nxe4 32. Qd8+ Kg7 33. Bxe6 Nxf2+ 34.
Kg2 Qxe6 35. Kxf2 Qe2+ 36. Kg1 Qe3+ 37. Kg2 Bc6+ 38. Kf1 Bb5+ 39. Kg2 Bc6+ 40.
Kf1 Qf3+ 41. Ke1 Qh1+ 42. Kd2 Qxh2+ 43. Kc3 Qxg3+ 44. Qd3 Qxd3+ 45. Rxd3 h5 46.
Rd6 Be4 47. Rxb6 h4 0-1

[Event "16th Sants Open 2014"]
[Site "Barcelona ESP"]
[Date "2014.08.25"]
[Round "4.37"]
[White "Martinez Alcantara, Jose Eduardo"]
[Black "Relea, Nicolas"]
[Result "1-0"]
[WhiteTitle "FM"]
[WhiteElo "2379"]
[BlackElo "2136"]
[WhiteFideId "3805662"]
[BlackFideId "618632"]
[EventDate "2014.08.22"]

1. e4 e6 2. d4 d5 3. Nd2 dxe4 4. Nxe4 Nf6 5. Nxf6+ gxf6 6. Nf3 b6 7. Bb5+ c6 8.
Bd3 Qc7 9. Qe2 Bb7 10. Bd2 Nd7 11. O-O Bd6 12. c4 Rg8 13. b4 Bf4 14. c5 Kf8 15.
g3 Bxd2 16. Nxd2 f5 17. Nc4 Ba6 18. Nd6 Bxd3 19. Qxd3 Nf6 20. Rac1 b5 21. a4 a6
22. Ra1 Kg7 23. Qe3 h6 24. Qe5 Kg6 25. Nxf5 Qd7 26. Nd6 Ne8 27. axb5 Nxd6 28.
bxc6 Qxc6 29. cxd6 Qf3 30. Ra5 Kh7 31. d5 Rg5 32. Qe3 Qf6 33. dxe6 Rxa5 34. bxa5
fxe6 35. Qe4+ 1-0

[Event "16th Sants Open 2014"]
[Site "Barcelona ESP"]
[Date "2014.08.25"]
[Round "4.38"]
[White "Quirhuayo, Gonzalo"]
[Black "Skomorokhin, Roman"]
[Result "0-1"]
[WhiteTitle "FM"]
[BlackTitle "IM"]
[WhiteElo "2137"]
[BlackElo "2378"]
[WhiteFideId "3813509"]
[BlackFideId "4112610"]
[EventDate "2014.08.22"]

1. e4 d6 2. d4 Nf6 3. Nc3 e5 4. Nf3 Nbd7 5. g4 c6 6. g5 Nh5 7. Be3 Qa5 8. a3 b5
9. b4 Qc7 10. Nxe5 dxe5 11. Qxh5 a5 12. Rb1 axb4 13. axb4 Ra3 14. Nd1 g6 15. Qe2
Bg7 16. c3 O-O 17. Qb2 Ra8 18. Be2 Nb6 19. dxe5 Bxe5 20. Bxb6 Qxb6 21. Ra1 Bh3
22. Rxa8 Rxa8 23. Rg1 Bxh2 24. Rh1 Qc7 25. Ne3 Be6 26. Ng4 Bxg4 27. Bxg4 Qf4 28.
f3 Qe3+ 29. Kf1 Be5 30. Kg2 Rd8 31. Kh3 Rd2 0-1

[Event "16th Sants Open 2014"]
[Site "Barcelona ESP"]
[Date "2014.08.25"]
[Round "4.39"]
[White "Bartkowiak, Damian"]
[Black "Baches Garcia, Guillermo"]
[Result "0-1"]
[BlackTitle "IM"]
[WhiteElo "2133"]
[BlackElo "2377"]
[WhiteFideId "1117998"]
[BlackFideId "2209764"]
[EventDate "2014.08.22"]

1. d4 Nf6 2. Nf3 e6 3. c4 c5 4. d5 b5 5. Bg5 exd5 6. cxd5 d6 7. e3 a6 8. a4 b4
9. Bc4 Be7 10. Qd3 h6 11. Bh4 g5 12. Bg3 Nh5 13. Nbd2 Nxg3 14. hxg3 Bf6 15.
O-O-O Bg7 16. e4 Nd7 17. e5 Nxe5 18. Nxe5 Bxe5 19. Rde1 Kf8 20. Re2 Kg7 21. Rf1
Bg4 22. f3 Bh5 23. Ne4 Bg6 0-1

[Event "16th Sants Open 2014"]
[Site "Barcelona ESP"]
[Date "2014.08.25"]
[Round "4.40"]
[White "Gschwendtner, Klaus"]
[Black "Gullaksen, Eirik"]
[Result "1-0"]
[BlackTitle "IM"]
[WhiteElo "2125"]
[BlackElo "2361"]
[WhiteFideId "4633598"]
[BlackFideId "1500945"]
[EventDate "2014.08.22"]

1. e4 c5 2. Nf3 Nc6 3. Bb5 g6 4. O-O Bg7 5. Re1 Nf6 6. c3 O-O 7. d4 d5 8. exd5
Qxd5 9. c4 Qd6 10. dxc5 Qxd1 11. Rxd1 Ne4 12. Bxc6 bxc6 13. Re1 Nxc5 14. Nc3 Be6
15. Ne5 Bxe5 16. Rxe5 Nd3 17. Re3 Rfd8 18. b3 Nb4 19. Re2 Rd3 20. Bb2 Rad8 21.
Rae1 Rd2 22. f3 a5 23. a3 Na6 24. Na4 Rxe2 25. Rxe2 Rb8 26. Re3 c5 27. Kf2 Bd7
28. Be5 Rb7 29. Bf4 Kf8 30. Rd3 f6 31. Bd2 Bxa4 32. bxa4 Rb2 33. Kg3 Rc2 34.
Bxa5 Rxc4 35. Rd8+ Kf7 36. Ra8 Rxa4 37. Rxa6 Rxa3 38. Ra7 Re3 39. Rc7 Re5 40.
Bb6 Re6 41. Bxc5 Re2 42. f4 Re6 43. Kf3 Ke8 44. g4 Kf7 45. Bd4 h6 46. h4 Ke8 47.
h5 g5 48. fxg5 fxg5 49. Bc3 Kf7 50. Bd4 Ra6 51. Bc5 Re6 52. Rb7 Re5 53. Bd4 Ra5
54. Rb6 e5 55. Bb2 Kg7 56. Re6 Kh7 57. Bxe5 Ra7 58. Re8 Ra8 59. Re7+ 1-0

[Event "16th Sants Open 2014"]
[Site "Barcelona ESP"]
[Date "2014.08.25"]
[Round "4.41"]
[White "Schroeder, Jan-Christian"]
[Black "De Seroux, Camille"]
[Result "1-0"]
[WhiteTitle "FM"]
[BlackTitle "WFM"]
[WhiteElo "2367"]
[BlackElo "2129"]
[WhiteFideId "24662259"]
[BlackFideId "1305620"]
[EventDate "2014.08.22"]

1. d4 Nf6 2. Nf3 g6 3. g3 Bg7 4. Bg2 O-O 5. O-O d6 6. Nc3 Nbd7 7. e4 e5 8. a4 c6
9. h3 Re8 10. Re1 Qc7 11. Be3 b6 12. Qd2 Bb7 13. Bh6 a6 14. Rad1 Rad8 15. g4 b5
16. axb5 axb5 17. b4 Nb6 18. Qg5 Bh8 19. Qh4 Ra8 20. Rd3 exd4 21. Nxd4 Nfd5 22.
Bd2 Nxc3 23. Bxc3 Ra3 24. Nxb5 cxb5 25. Bxh8 Rxd3 26. Qf6 Qc3 27. cxd3 Qxf6 28.
Bxf6 Nd5 29. e5 dxe5 30. Rxe5 Nxf6 31. Rxe8+ Nxe8 32. Bxb7 Kg7 33. f4 Kf6 34. h4
Ke6 35. Kf2 Kd6 36. g5 Nc7 37. Be4 Ne8 38. Ke3 Nc7 39. Bb7 f6 40. gxf6 Ke6 41.
Bc8+ Kxf6 42. Kd4 Ke7 43. Kc5 Ne8 44. Bg4 h5 45. Bh3 Nf6 46. Kc6 Kd8 47. d4 Ne4
48. Kxb5 Nc3+ 49. Ka6 Ne2 50. b5 Nxf4 51. b6 Nd5 52. b7 Nc7+ 53. Ka5 1-0